| 000 | 00529nam a2200145Ia 4500 | ||
|---|---|---|---|
| 008 | 230917s9999||||xx |||||||||||||| ||und|| | ||
| 040 |
_e168406 _aMAIN |
||
| 041 | _aEnglish | ||
| 082 | _a891.43174093556 NN153A | ||
| 100 | _aउतकर, नामदेव 'नान्देडी' | ||
| 245 | 0 | _aआठवें दशक की हिन्दी कविता में सामाजिक बोध | |
| 260 |
_aकानपुर _bअतुल प्रकाशन _c1989 |
||
| 300 | _a223 पृ. p. | ||
| 942 | _cHN | ||
| 999 |
_c63642 _d63642 |
||